000 00667nam a2200241 i 4500
001 bg
100 1 _aŚWIECKA, Beata
245 1 0 _aBankowość elektroniczna /
_cBeata Świecka.
260 _aWarszawa :
_bCeDeWu,
_c2004.
300 _a136 s. :
_bwykr. ;
_c24 cm.
504 _aBibliogr.
650 9 _aBanki internetowe
650 9 _aKarty płatnicze
650 9 _aPieniądz elektroniczny
020 _a8387885568
040 _cBPK
041 0 _apol
080 _a336.71:004.738.5
920 _a83-87885-56-8
942 _cKS
008 s pl f |000 0 pol
999 _c44507
_d44507
856 _uhttp://koha.tu.koszalin.pl/cgi-bin/koha/opac-detail.pl?biblionumber=44507
_yKatalog online BPK